| 000 | 00616nam a2200217Ia 4500 | ||
|---|---|---|---|
| 005 | 20260629163254.0 | ||
| 008 | 260629s9999||||xx |||||||||||||| ||und|| | ||
| 020 | _a8178243512 | ||
| 020 |
_a9788178243511 _qpbk |
||
| 082 |
_a320.540954 _bCHA |
||
| 100 | _aChatterjee, Partha | ||
| 245 | 0 | _aEmpire and nation : essential writings 1985-2005 | |
| 260 |
_aRanikhet _bPermanent Black _c2012 |
||
| 300 | _aviii, 368p. ; 21cm. | ||
| 653 | _aIndia—Politics and government | ||
| 653 | _aNationalism | ||
| 653 | _aPolitical sociology | ||
| 653 | _aPostcolonialism | ||
| 653 | _aSouth Asia—History | ||
| 942 | _cBK | ||
| 999 |
_c57309 _d57309 |
||